2025-2026 Portland Trail Blazers Roster - Statistics

General Stats
  • This quiz has been taken 23 times
  • The average score is 9 of 17
Answer Stats
Position Player % Correct
OFS Damian Lillard
90%
PG Scoot Henderson
85%
PF Deni Avdija
80%
PG Jrue Holiday
75%
SG Jerami Grant
70%
SG Shaedon Sharpe
70%
C Donovan Clingan
60%
SF Toumani Camara
60%
SG Matisse Thybulle
50%
C Yang Hansen
50%
PG Caleb Love
35%
C Duop Reath
35%
SG Sidy Cissoko
35%
PF Kris Murray
25%
SF Rayan Rupert
25%
SG Blake Wesley
15%
C Robert Wiliams II
5%
No matching quizzes found
Score Distribution
Percent of People with Each Score
Percentile by Number Answered
Your Score History
You have not taken this quiz